<?xml version="1.0" encoding="UTF-8"?>
<marc:record xmlns:marc="http://www.loc.gov/MARC21/slim">
   <marc:leader>00000nam a2200000 a 4500</marc:leader>
   <marc:datafield ind1="1" ind2=" " tag="100">
      <marc:subfield code="a">Treutlein, Josef</marc:subfield>
      <marc:subfield code="4">aut</marc:subfield>
      <marc:subfield code="e">Verfasser/-in</marc:subfield>
   </marc:datafield>
   <marc:datafield ind1=" " ind2=" " tag="653">
      <marc:subfield code="a">Wallfahrt</marc:subfield>
   </marc:datafield>
   <marc:datafield ind1=" " ind2=" " tag="653">
      <marc:subfield code="a">Prozession</marc:subfield>
   </marc:datafield>
   <marc:datafield ind1=" " ind2=" " tag="653">
      <marc:subfield code="a">Softcover / Religion</marc:subfield>
   </marc:datafield>
   <marc:datafield ind1=" " ind2=" " tag="653">
      <marc:subfield code="a">Theologie/Praktische Theologie</marc:subfield>
   </marc:datafield>
   <marc:datafield ind1=" " ind2=" " tag="653">
      <marc:subfield code="a">Beispielsammlung</marc:subfield>
   </marc:datafield>
   <marc:datafield ind1="0" ind2="0" tag="245">
      <marc:subfield code="a">Großes Werkbuch Wallfahrten und Prozessionen</marc:subfield>
   </marc:datafield>
   <marc:datafield ind1="0" ind2="0" tag="245">
      <marc:subfield code="b">im Geiste von Papst Franziskus : mit CD-ROM</marc:subfield>
   </marc:datafield>
   <marc:datafield ind1="0" ind2="0" tag="245">
      <marc:subfield code="c">Josef Treutlein</marc:subfield>
   </marc:datafield>
   <marc:datafield ind1=" " ind2="1" tag="264">
      <marc:subfield code="a">Freiburg</marc:subfield>
      <marc:subfield code="b">Herder</marc:subfield>
   </marc:datafield>
   <marc:datafield ind1="1" ind2=" " tag="490">
      <marc:subfield code="a">Herder Große Werkbücher</marc:subfield>
   </marc:datafield>
   <marc:datafield ind1=" " ind2=" " tag="250">
      <marc:subfield code="a">1. Auflage</marc:subfield>
   </marc:datafield>
   <marc:datafield ind1="1" ind2=" " tag="520">
      <marc:subfield code="a">Angaben aus der Verlagsmeldung

Großes Werkbuch Wallfahrten und Prozessionen : Im Geiste von Papst Franziskus / von Josef Treutlein

Wallfahrten üben eine neue Faszination aus. Menschen spüren: Das Leben ist mehr …
Deshalb machen sie sich in Wallfahrten und Prozessionen auf den Weg, um Gott zu suchen, ihm zu danken, ihn zu loben – um zu den Quellen des eigenen Lebens und Glaubens (zurück-) zu finden.
Das Buch bietet eine Einführung „Prozessionen und Wallfahrten heute“ und viele ausgearbeitete Modelle im Geist und mit Worten von Papst Franziskus, z. B.
- einen Pilgerweg „Alle Sinne geöffnet für Gottes Geist“,
- eine Wallfahrt „Unterwegs zur Kirche von morgen“,
- eine Wallfahrt zur Enzyklika „Laudato si“ - „Lob der Schöpfung“,
- eine Wallfahrt „Der Tragbalken der Kirche und die kleinen Schritte: Barmherzigkeit“,
- eine Wallfahrt „Der Mensch lebt nicht vom Brot allein“,
- und einen Pilgerweg für Paare.
Wallfahrten üben eine neue Faszination aus. Menschen spüren: Das Leben ist mehr …
Deshalb brechen sie auf, brechen aus ihrem Alltag aus, gehen jener Sehnsucht nach, die ihr Leben hoffnungsvoll macht. Christen pflegen diese jahrhundertealte Tradition: Sie machen sich in Wallfahrten und Prozessionen auf den Weg, um Gott zu suchen, ihm zu danken, ihn zu loben – um zu den Quellen des eigenen Lebens und Glaubens (zurück-) zu finden.

Das Buch bietet eine Einführung „Prozessionen und Wallfahrten heute“ und viele ausgearbeitete Modelle im Geist und mit Worten von Papst Franziskus, z. B.
- einen Pilgerweg „Alle Sinne geöffnet für Gottes Geist“,
- eine Wallfahrt „Unterwegs zur Kirche von morgen“,
- eine Wallfahrt zur Enzyklika „Laudato si“ „Lob der Schöpfung“,
- eine Wallfahrt „Der Tragbalken der Kirche und die kleinen Schritte: Barmherzigkeit“,
- eine Wallfahrt „Der Mensch lebt nicht vom Brot allein“,
- und einen Pilgerweg für Paare.
</marc:subfield>
   </marc:datafield>
   <marc:datafield ind1=" " ind2=" " tag="020">
      <marc:subfield code="a">9783451349638</marc:subfield>
      <marc:subfield code="9">9783451349638</marc:subfield>
   </marc:datafield>
   <marc:datafield ind1=" " ind2=" " tag="020">
      <marc:subfield code="a">3451349639</marc:subfield>
      <marc:subfield code="9">3451349639</marc:subfield>
   </marc:datafield>
   <marc:datafield ind1=" " ind2=" " tag="041">
      <marc:subfield code="a">ger</marc:subfield>
   </marc:datafield>
   <marc:datafield ind1=" " ind2=" " tag="300">
      <marc:subfield code="a">223 Seiten</marc:subfield>
   </marc:datafield>
</marc:record>
